[Event "Gibtelecom Masters"]
[Site "Gibraltar"]
[Date "2007.01.25"]
[Round "3.33"]
[White "Barrenechea, Gustavo"]
[Black "Tissir, Mohamed"]
[Result "0-1"]
[WhiteElo "2191"]
[BlackElo "2482"]
[PlyCount "60"]
[EventDate "2007.??.??"]

1. e4 c5 2. Nf3 e6 3. d4 cxd4 4. Nxd4 a6 5. Bd3 Bc5 6. Nb3 Be7 7. Be3 d6 8.
N1d2 Nf6 9. f4 Qc7 10. Qe2 e5 11. Nc4 Nbd7 12. a4 exf4 13. Bxf4 Ne5 14. Ne3 O-O
15. O-O Re8 16. Kh1 Neg4 17. Nd5 Nxd5 18. exd5 Bd7 19. Qe4 Nf6 20. Qf3 Bg4 21.
Qg3 Bh5 22. Nd4 Bg6 23. Nf5 Nh5 24. Qg4 Nxf4 25. Qxf4 Bf8 26. b4 Re5 27. c4
Rae8 28. a5 Qd7 29. Ra2 Bxf5 30. Bxf5 Rxf5 0-1

[Event "Gibtelecom Masters"]
[Site "Gibraltar"]
[Date "2007.01.25"]
[Round "3.34"]
[White "Steel, Henry"]
[Black "Al Sayed, Mohammed N"]
[Result "0-1"]
[WhiteElo "2175"]
[BlackElo "2460"]
[PlyCount "96"]
[EventDate "2007.??.??"]

1. e4 c5 2. Nf3 Nc6 3. Nc3 e5 4. Bc4 d6 5. d3 Be7 6. Nd2 Nf6 7. Nf1 a6 8. a3 b5
9. Ba2 Bg4 10. f3 Be6 11. Nd5 Bxd5 12. exd5 Nb8 13. Ng3 Nbd7 14. O-O O-O 15. f4
Re8 16. Qf3 Bf8 17. f5 e4 18. Nxe4 Nxe4 19. dxe4 Be7 20. Bf4 Bf6 21. Bxd6 Bxb2
22. Rad1 Nf6 23. e5 Bxe5 24. Bxc5 Rc8 25. Bb4 a5 26. Be1 Rxc2 27. Bb3 Rb2 28.
a4 Qd6 29. axb5 Bxh2+ 30. Kh1 h5 31. Rf2 Rxf2 32. Bxf2 Ng4 33. Bc2 Qf6 34. Bd3
a4 35. Bf1 a3 36. Rd2 Bd6 37. b6 Qa1 38. Bd4 Qe1 39. Rd1 Qh4+ 40. Qh3 Nf2+ 41.
Bxf2 Qxf2 42. f6 Re1 43. Qc8+ Kh7 44. Rxe1 Qxe1 45. Qc2+ g6 46. Kg1 Qe3+ 47.
Kh1 Bc5 48. Kh2 Qg1+ 0-1

[Event "Gibtelecom Masters"]
[Site "Gibraltar"]
[Date "2007.01.25"]
[Round "3.35"]
[White "Smerdon, David"]
[Black "Wade, Robert"]
[Result "1-0"]
[WhiteElo "2460"]
[BlackElo "2173"]
[PlyCount "77"]
[EventDate "2007.??.??"]

1. e4 c6 2. d4 d5 3. e5 g6 4. c4 f6 5. Nf3 Be6 6. Qb3 Qb6 7. Nc3 Qxb3 8. axb3
Bh6 9. cxd5 cxd5 10. Nb5 Na6 11. Bxh6 Nxh6 12. exf6 exf6 13. Nd6+ Ke7 14. Nxb7
Nb4 15. Kd2 Rhb8 16. Nc5 Nf5 17. g4 Nd6 18. Re1 Ne4+ 19. Nxe4 dxe4 20. Rxe4 Kd6
21. Bc4 Nd5 22. Rhe1 Re8 23. g5 f5 24. Re5 Nc7 25. Rc5 Bd5 26. Rxe8 Rxe8 27.
Rxc7 Kxc7 28. Bxd5 Rd8 29. Bc4 h6 30. h4 hxg5 31. hxg5 Rd7 32. Ke3 Rh7 33. b4
Kd6 34. b3 Rh1 35. Bf7 Rc1 36. Nd2 Kc6 37. Bxg6 Rc3+ 38. Ke2 Kd5 39. Bf7+ 1-0

[Event "Gibtelecom Masters"]
[Site "Gibraltar"]
[Date "2007.01.25"]
[Round "3.36"]
[White "Ward, Chris"]
[Black "Osuna Vega, Enrique"]
[Result "1-0"]
[WhiteElo "2456"]
[BlackElo "2177"]
[PlyCount "99"]
[EventDate "2007.??.??"]

1. d4 Nf6 2. c4 g6 3. f3 d5 4. cxd5 Nxd5 5. e4 Nb6 6. Nc3 Bg7 7. Be3 O-O 8. Qd2
Nc6 9. O-O-O e5 10. d5 Nd4 11. Nb5 Nxb5 12. Bxb5 Bd7 13. Be2 c6 14. dxc6 Bxc6
15. Qxd8 Rfxd8 16. Nh3 Bf6 17. Nf2 Rxd1+ 18. Rxd1 Rd8 19. b3 Rxd1+ 20. Nxd1 Be7
21. Nc3 Nc8 22. Bb5 Bxb5 23. Nxb5 a6 24. Nc3 Ba3+ 25. Kc2 Ne7 26. Bb6 f6 27.
Kd3 Kf7 28. Kc4 Bd6 29. b4 Ke6 30. b5 axb5+ 31. Kxb5 Nc8 32. Na4 f5 33. Nc5+
Bxc5 34. Bxc5 fxe4 35. fxe4 h6 36. a4 Kd7 37. a5 Kc7 38. Kc4 Kc6 39. h3 h5 40.
h4 Kc7 41. Kd5 Kd7 42. Kxe5 Kc6 43. Kd4 Kb5 44. e5 Kxa5 45. e6 b6 46. Ba3 Na7
47. e7 Nb5+ 48. Ke5 Nc7 49. Kd6 Ne8+ 50. Kd7 1-0

[Event "Gibtelecom Masters"]
[Site "Gibraltar"]
[Date "2007.01.25"]
[Round "3.38"]
[White "Borvander, Tom"]
[Black "Paehtz, Elisabeth"]
[Result "0-1"]
[WhiteElo "2162"]
[BlackElo "2451"]
[PlyCount "56"]
[EventDate "2007.??.??"]

1. d4 e6 2. c4 b6 3. Nc3 Bb4 4. Qc2 Bb7 5. a3 Bxc3+ 6. Qxc3 Nf6 7. Bg5 h6 8.
Bh4 g5 9. Bg3 Ne4 10. Qc2 d6 11. e3 Nd7 12. f3 Nxg3 13. hxg3 c5 14. Bd3 cxd4
15. exd4 Qf6 16. Ne2 Rc8 17. g4 Ke7 18. Qd2 a5 19. Qe3 Kf8 20. O-O e5 21. Bf5
exd4 22. Nxd4 Re8 23. Qc3 Ne5 24. Rad1 h5 25. Nb5 hxg4 26. fxg4 Qh6 27. Qg3
Nxc4 28. Rd3 Re2 0-1

[Event "Gibtelecom Masters"]
[Site "Gibraltar"]
[Date "2007.01.25"]
[Round "3.39"]
[White "Andreassen, Lars"]
[Black "Bellon, Juan"]
[Result "1/2-1/2"]
[WhiteElo "2160"]
[BlackElo "2442"]
[PlyCount "137"]
[EventDate "2007.??.??"]

1. d4 d5 2. Nf3 c6 3. g3 Bg4 4. Bg2 Nd7 5. O-O Ngf6 6. b3 e6 7. c4 a5 8. Nc3
Bb4 9. Bb2 O-O 10. Qc2 Bf5 11. Qc1 h6 12. a3 Bxc3 13. Bxc3 Ne4 14. Nd2 Ndf6 15.
Nxe4 Bxe4 16. Bxe4 Nxe4 17. f3 Nd6 18. c5 Nf5 19. Rd1 Qc7 20. b4 axb4 21. axb4
Rxa1 22. Qxa1 f6 23. Rd2 h5 24. Ra2 Qb8 25. Qb1 b6 26. Qa1 bxc5 27. bxc5 h4 28.
Rb2 Qc7 29. g4 Ne3 30. Qc1 Nc4 31. Ra2 Rb8 32. Be1 g5 33. Qa1 Kg7 34. Ra8 e5
35. dxe5 fxe5 36. Ra7 Rb7 37. Ra8 Qe7 38. Rc8 Qxc5+ 39. Bf2 Qa5 40. Qxa5 Nxa5
41. Be3 Rb2 42. Kf1 d4 43. Bxg5 h3 44. Bh4 Rc2 45. g5 c5 46. Ra8 Nc6 47. Rc8
Ne7 48. Rc7 Kf8 49. Bg3 Ng6 50. Rc6 Kf7 51. Rf6+ Kg7 52. Re6 c4 53. Bxe5+ Nxe5
54. Rxe5 c3 55. Rc5 Rc1+ 56. Kf2 d3 57. exd3 c2 58. Ke3 Kg6 59. f4 Re1+ 60. Kd2
Rh1 61. Kxc2 Rxh2+ 62. Kc3 Rg2 63. Rc6+ Kf5 64. Rf6+ Kg4 65. Rh6 h2 66. g6 Kxf4
67. Kd4 Kf5 68. Kd5 Kf6 69. d4 1/2-1/2

[Event "Gibtelecom Masters"]
[Site "Gibraltar"]
[Date "2007.01.25"]
[Round "3.40"]
[White "Saint Amand, Paul"]
[Black "Greet, Andrew"]
[Result "1-0"]
[WhiteElo "2150"]
[BlackElo "2425"]
[PlyCount "127"]
[EventDate "2007.??.??"]

1. e4 e5 2. Nf3 Nc6 3. Bb5 a6 4. Ba4 Nf6 5. O-O Be7 6. Re1 b5 7. Bb3 d6 8. c3
O-O 9. h3 Na5 10. Bc2 c5 11. d4 Qc7 12. Nbd2 cxd4 13. cxd4 Rd8 14. d5 Bd7 15.
Nf1 Rdc8 16. Bd3 Nb7 17. Ng3 Nc5 18. Bf1 Bd8 19. Bd2 Qa7 20. Rc1 Bb6 21. Qe2 a5
22. Rc2 b4 23. b3 Ncxe4 24. Rxc8+ Bxc8 25. Nxe4 Nxe4 26. Qxe4 Bxf2+ 27. Kh1
Bxe1 28. Bxe1 f6 29. Bd3 g6 30. Bc4 Ba6 31. Nd2 Qc5 32. Qf3 f5 33. Bf2 Qc7 34.
Qd3 Bb7 35. Kh2 Kg7 36. Nf3 h6 37. h4 Qf7 38. Qd2 Ba6 39. Bxa6 Rxa6 40. Qd3 Ra8
41. Nd2 g5 42. Nc4 Qf6 43. Nb6 Rg8 44. Nc4 g4 45. g3 Ra8 46. Nb6 Re8 47. Nc4 f4
48. Qe4 Ra8 49. Nb6 Rd8 50. Nc4 Ra8 51. Nb6 Ra6 52. Qe2 fxg3+ 53. Kxg3 Qf4+ 54.
Kg2 Ra7 55. Bg3 Qf5 56. Nc4 Qg6 57. Nxd6 a4 58. Bxe5+ Kh7 59. Bd4 Rc7 60. Nc4
axb3 61. axb3 Qf5 62. Qe5 Qc2+ 63. Kg3 Qxb3+ 64. Ne3 1-0

[Event "Gibtelecom Masters"]
[Site "Gibraltar"]
[Date "2007.01.25"]
[Round "3.41"]
[White "Nemcova, Katerina"]
[Black "Gunnarsson, Jon Viktor"]
[Result "1-0"]
[WhiteElo "2147"]
[BlackElo "2419"]
[PlyCount "107"]
[EventDate "2007.??.??"]

1. e4 c5 2. Nf3 Nc6 3. d4 cxd4 4. Nxd4 Nf6 5. Nc3 d6 6. Bc4 e6 7. O-O a6 8. Bb3
Qc7 9. Kh1 Na5 10. f4 Be7 11. f5 Nxb3 12. axb3 Bd7 13. Bg5 O-O 14. Qd3 b5 15.
Nce2 e5 16. Nf3 Bc6 17. Bxf6 Bxf6 18. Nc3 Rfc8 19. Rf2 b4 20. Nd5 Bxd5 21. Qxd5
Qc5 22. Qxc5 Rxc5 23. Re2 h5 24. Kg1 d5 25. Ne1 d4 26. Kf2 a5 27. Nd3 Rb5 28.
Kf3 Bg5 29. h3 Be3 30. g3 f6 31. Rg2 Kf7 32. h4 g6 33. fxg6+ Kxg6 34. g4 hxg4+
35. Kxg4 f5+ 36. Kf3+ Kf6 37. h5 Kf7 38. Rg6 Rh8 39. Rh1 Rc8 40. Rh2 Rh8 41.
exf5 e4+ 42. Kxe4 Re8+ 43. Re6 Rxe6+ 44. fxe6+ Kxe6 45. h6 Rb8 46. h7 Rh8 47.
Ne5 Kf6 48. Ng4+ Kg7 49. Nxe3 dxe3 50. Kxe3 Re8+ 51. Kd3 Kh8 52. c4 bxc3 53.
bxc3 Rd8+ 54. Kc2 1-0

[Event "Gibtelecom Masters"]
[Site "Gibraltar"]
[Date "2007.01.25"]
[Round "3.42"]
[White "Teran Alvarez, Ismael"]
[Black "Blikra Vea, Odin"]
[Result "1-0"]
[WhiteElo "2417"]
[BlackElo "2147"]
[PlyCount "43"]
[EventDate "2007.??.??"]

1. e4 c5 2. Nf3 Nc6 3. Bb5 Na5 4. O-O a6 5. Be2 b5 6. d4 cxd4 7. Nxd4 Bb7 8. a4
Bxe4 9. axb5 axb5 10. Nc3 Bb7 11. Ndxb5 Nf6 12. Bf3 d5 13. Nxd5 Nxd5 14. Bxd5
Bxd5 15. Qxd5 Qxd5 16. Nc7+ Kd8 17. Nxd5 e6 18. Nb6 Rb8 19. Rd1+ Ke7 20. Be3
Nb7 21. Ra7 Ke8 22. Nd7 1-0

[Event "Gibtelecom Masters"]
[Site "Gibraltar"]
[Date "2007.01.25"]
[Round "3.43"]
[White "Sengupta, Deep"]
[Black "Millward, Richard"]
[Result "1-0"]
[WhiteElo "2416"]
[BlackElo "2140"]
[PlyCount "79"]
[EventDate "2007.??.??"]

1. e4 c5 2. Nc3 e6 3. Nf3 a6 4. d4 cxd4 5. Nxd4 Qc7 6. Be3 b5 7. Qd2 Bb7 8. f3
Nc6 9. O-O-O Nf6 10. g4 h6 11. h4 Be7 12. Bd3 Ne5 13. Kb1 b4 14. Nce2 d5 15. g5
hxg5 16. hxg5 Nfd7 17. exd5 Bxd5 18. Nf4 Rxh1 19. Rxh1 Nxf3 20. Nxf3 Bxf3 21.
Rh8+ Nf8 22. Nxe6 Qe5 23. Nxf8 Bxf8 24. Qxb4 Kd7 25. Rxf8 Rxf8 26. Qxf8 Qxe3
27. Qxf7+ Kd6 28. Qf8+ Kc6 29. Qc8+ Kd6 30. Qxa6+ Ke5 31. Qa5+ Bd5 32. b3 Qxg5
33. c4 Qg1+ 34. Kc2 Qf2+ 35. Kd1 Qg1+ 36. Kd2 Qf2+ 37. Be2 Qd4+ 38. Kc2 Qe4+
39. Bd3 Qg2+ 40. Kc3 1-0

[Event "Gibtelecom Masters"]
[Site "Gibraltar"]
[Date "2007.01.25"]
[Round "3.44"]
[White "Player, Edmund"]
[Black "Sarkar, Justin"]
[Result "0-1"]
[WhiteElo "2142"]
[BlackElo "2405"]
[PlyCount "90"]
[EventDate "2007.??.??"]

1. e4 e5 2. Nc3 Nf6 3. Bc4 Nc6 4. d3 Bc5 5. f4 d6 6. Nf3 Bg4 7. Na4 O-O 8. Nxc5
dxc5 9. O-O Qd6 10. h3 Bxf3 11. Qxf3 b5 12. Bb3 c4 13. dxc4 bxc4 14. Ba4 Nd4
15. Qe3 exf4 16. e5 Qb6 17. Rxf4 Nd5 18. Qxd4 Nxf4 19. Qxb6 axb6 20. Bc6 Ne2+
21. Kf2 Nxc1 22. Bxa8 Rxa8 23. Rxc1 Rxa2 24. Ke3 Rxb2 25. Kd4 Rb5 26. Ra1 h5
27. Rf1 Rc5 28. c3 c6 29. Ra1 Rd5+ 30. Kxc4 b5+ 31. Kb4 Rxe5 32. Ra8+ Kh7 33.
Rd8 Re2 34. Rd6 Rxg2 35. Rxc6 Rh2 36. Kxb5 Rxh3 37. c4 h4 38. Rd6 Rc3 39. Rd1
g5 40. Kb4 Rc2 41. Kb3 Re2 42. c5 Kg6 43. c6 Re8 44. Kc4 h3 45. Rd6+ f6 0-1

[Event "Gibtelecom Masters"]
[Site "Gibraltar"]
[Date "2007.01.25"]
[Round "3.45"]
[White "Ris, Robert"]
[Black "Kvisia, Johannes"]
[Result "1-0"]
[WhiteElo "2403"]
[BlackElo "2134"]
[PlyCount "49"]
[EventDate "2007.??.??"]

1. d4 d5 2. c4 c6 3. Nf3 Nf6 4. Nc3 e6 5. Bg5 h6 6. Bh4 dxc4 7. e4 g5 8. Bg3 b5
9. Be2 Bb7 10. O-O Nbd7 11. Ne5 Bg7 12. Nxd7 Nxd7 13. Bd6 a6 14. d5 Ne5 15.
dxe6 Nd3 16. e5 Bxe5 17. exf7+ Kxf7 18. Bh5+ Kg7 19. Bxe5+ Nxe5 20. Qe2 Ng6 21.
Rad1 Qc7 22. Bxg6 Kxg6 23. Qe6+ Kh5 24. Ne4 Bc8 25. Ng3+ 1-0

[Event "Gibtelecom Masters"]
[Site "Gibraltar"]
[Date "2007.01.25"]
[Round "3.46"]
[White "Walton, Colin"]
[Black "Butnorius, Algimantas"]
[Result "0-1"]
[WhiteElo "2135"]
[BlackElo "2402"]
[PlyCount "118"]
[EventDate "2007.??.??"]

1. e4 e5 2. Nf3 Nc6 3. Bb5 a6 4. Bxc6 dxc6 5. O-O Qd6 6. d4 exd4 7. e5 Qg6 8.
Nxd4 Bd7 9. Qe2 O-O-O 10. Be3 Nh6 11. f4 Nf5 12. Nxf5 Bxf5 13. Qf2 f6 14. c3
Be7 15. Nd2 fxe5 16. fxe5 Rhf8 17. Qg3 Qxg3 18. hxg3 c5 19. Nf3 h6 20. Nh4 Bd3
21. Rxf8 Bxf8 22. Rd1 g5 23. Nf3 Bc4 24. Rxd8+ Kxd8 25. b3 Be6 26. Kf2 Kd7 27.
Nd2 Bf5 28. g4 Bg6 29. Ke2 Ke6 30. Bf2 b6 31. Bg3 Bg7 32. Nf3 a5 33. Ke3 Bb1
34. a3 Bf8 35. Be1 Bc2 36. b4 axb4 37. axb4 Kd5 38. bxc5 Bxc5+ 39. Kd2 Be4 40.
Bg3 c6 41. Ne1 b5 42. Nc2 Ke6 43. Nd4+ Bxd4 44. cxd4 Bxg2 45. Ke3 Bh3 46. Kf3
b4 47. Be1 b3 48. Bc3 Kd5 49. Bb2 Bf1 50. Ke3 Ba6 51. Ba3 Bc8 52. Kd3 Bxg4 53.
Bf8 h5 54. Be7 Bf5+ 55. Kc3 g4 56. Bh4 b2 57. Kxb2 Kxd4 58. Bg3 Ke3 59. Kc3 Kf3
0-1

[Event "Gibtelecom Masters"]
[Site "Gibraltar"]
[Date "2007.01.25"]
[Round "3.47"]
[White "Ippolito, Dean"]
[Black "Agdestein, Emil"]
[Result "1-0"]
[WhiteElo "2397"]
[BlackElo "2116"]
[PlyCount "95"]
[EventDate "2007.??.??"]

1. d4 g6 2. c4 Bg7 3. Nf3 d6 4. g3 Nd7 5. Bg2 e5 6. Nc3 Ne7 7. O-O O-O 8. e4
exd4 9. Nxd4 Nc6 10. Nde2 Re8 11. Rb1 a5 12. b3 Nc5 13. Be3 Be6 14. Qd2 Ne5 15.
Nf4 Ng4 16. Bd4 Nf6 17. f3 Bd7 18. Rbd1 Bc6 19. Qf2 Ncd7 20. g4 h6 21. Nfe2 b6
22. Ng3 Ne5 23. h3 Kh7 24. Qc2 Ned7 25. f4 Ng8 26. Bxg7 Kxg7 27. Qf2 Ne7 28. f5
Kh8 29. Qd2 Ng8 30. Nce2 Ne5 31. Nd4 Bd7 32. f6 Nxf6 33. Qxh6+ Kg8 34. Ndf5
gxf5 35. Rxf5 Re6 36. Rg5+ Ng6 37. e5 Nh7 38. Nf5 Qf8 39. Rh5 Qxh6 40. Nxh6+
Kg7 41. Bxa8 Nf4 42. Nf5+ Kg8 43. exd6 cxd6 44. Rh6 Rxh6 45. Nxh6+ Kg7 46. Nf5+
Bxf5 47. gxf5 Nxh3+ 48. Kh2 1-0

[Event "Gibtelecom Masters"]
[Site "Gibraltar"]
[Date "2007.01.25"]
[Round "3.49"]
[White "Grooten, Herman"]
[Black "Arsenault, Nicolas"]
[Result "1-0"]
[WhiteElo "2387"]
[BlackElo "2112"]
[PlyCount "79"]
[EventDate "2007.??.??"]

1. d4 Nf6 2. c4 e6 3. Nf3 Bb4+ 4. Nbd2 O-O 5. a3 Be7 6. e4 d6 7. b4 a5 8. Bb2
Nbd7 9. e5 Nh5 10. Qb3 Nf4 11. g3 Ng6 12. h4 axb4 13. h5 Nh8 14. h6 g6 15. axb4
Rxa1+ 16. Bxa1 b6 17. Bh3 Bb7 18. O-O b5 19. c5 Bd5 20. Qe3 Qa8 21. Ng5 Bxg5
22. Qxg5 f6 23. Qe3 dxe5 24. dxe5 f5 25. Bd4 Nf7 26. Ra1 Qb7 27. g4 fxg4 28.
Bxg4 Ra8 29. Ra5 Rxa5 30. bxa5 b4 31. Be2 b3 32. a6 Qb4 33. a7 b2 34. Bd3 Ndxe5
35. Bxe5 Qg4+ 36. Bg3 Ng5 37. c6 Bxc6 38. Qe5 Kf8 39. Qc5+ Kf7 40. Qxc6 1-0

[Event "Gibtelecom Masters"]
[Site "Gibraltar"]
[Date "2007.01.25"]
[Round "3.51"]
[White "Bellin"]
[Black "Sharp, Dale"]
[Result "1-0"]
[WhiteElo "2381"]
[BlackElo "2085"]
[PlyCount "67"]
[EventDate "2007.??.??"]

1. e4 e6 2. d4 d5 3. Nc3 Nf6 4. e5 Nfd7 5. f4 c5 6. Nf3 Nc6 7. Be3 cxd4 8. Nxd4
Nxd4 9. Bxd4 Nb8 10. a3 Nc6 11. Bf2 Be7 12. Bd3 Bd7 13. Qe2 Rc8 14. O-O a6 15.
Rae1 g6 16. g4 Na5 17. Nd1 Nc4 18. Bd4 Qa5 19. Kh1 Qc7 20. Qf2 Qd8 21. Re2 Rc6
22. f5 Bh4 23. Qf3 O-O 24. f6 g5 25. a4 b5 26. axb5 axb5 27. b3 Na3 28. Ne3 Bc8
29. Qh3 b4 30. Ng2 Ba6 31. Bxa6 Rxa6 32. Nxh4 gxh4 33. Qxh4 Kh8 34. Rf3 1-0

[Event "Gibtelecom Masters"]
[Site "Gibraltar"]
[Date "2007.01.25"]
[Round "3.52"]
[White "Ocana Roca, Juan"]
[Black "Rendle, Thomas"]
[Result "0-1"]
[WhiteElo "2130"]
[BlackElo "2366"]
[PlyCount "64"]
[EventDate "2007.??.??"]

1. e4 e6 2. Nc3 d5 3. Nf3 Nf6 4. exd5 exd5 5. d4 Be7 6. Be2 O-O 7. O-O Bf5 8.
Ne5 c5 9. Bd3 Bxd3 10. Qxd3 cxd4 11. Nb5 Nc6 12. Nf3 Nb4 13. Qd1 Ne4 14. Nbxd4
Bc5 15. c3 Nc6 16. Qd3 Qb6 17. Rd1 Rfe8 18. h3 a5 19. Rb1 Re7 20. Be3 g6 21. a3
a4 22. c4 Rd8 23. b4 Bxd4 24. Bxd4 Nxd4 25. Nxd4 dxc4 26. Qe3 Qf6 27. Nf3 Nd2
28. Qc5 Nxf3+ 29. gxf3 Rxd1+ 30. Rxd1 Re8 31. Qxc4 Qxf3 32. Qd3 Re1+ 0-1

[Event "Gibtelecom Masters"]
[Site "Gibraltar"]
[Date "2007.01.25"]
[Round "3.53"]
[White "Nyland, Thomas"]
[Black "Quillan, Gary"]
[Result "0-1"]
[WhiteElo "2124"]
[BlackElo "2354"]
[PlyCount "82"]
[EventDate "2007.??.??"]

1. d4 Nf6 2. c4 c5 3. e3 g6 4. Nc3 Bg7 5. Nf3 O-O 6. d5 d6 7. Bd3 e6 8. O-O
exd5 9. cxd5 Bg4 10. h3 Bxf3 11. Qxf3 Nbd7 12. e4 a6 13. Bf4 Qc7 14. Rfe1 Nh5
15. Bh2 b5 16. g4 Nhf6 17. Qg3 Ne8 18. Rac1 Qa5 19. a3 c4 20. Bc2 Rb8 21. Rb1
b4 22. axb4 Rxb4 23. Qe3 Rb6 24. Ra1 Qb4 25. Ra2 Nc7 26. f4 Re8 27. Kg2 Nb5 28.
Nxb5 axb5 29. e5 dxe5 30. fxe5 Nxe5 31. Rd1 Qd6 32. Ra7 Rbb8 33. Qf2 Rf8 34.
Qd4 Rbe8 35. Rda1 Qb4 36. Qc3 Qc5 37. Qd2 Nd3 38. Rd7 Qd4 39. Bxd3 cxd3 40. Re1
Rxe1 41. Qxe1 Qxb2+ 0-1

[Event "Gibtelecom Masters"]
[Site "Gibraltar"]
[Date "2007.01.25"]
[Round "3.54"]
[White "Werner, Dimo"]
[Black "Van Kemenade, Rudi"]
[Result "1-0"]
[WhiteElo "2353"]
[BlackElo "2048"]
[PlyCount "69"]
[EventDate "2007.??.??"]

1. Nf3 Nf6 2. d4 g6 3. c4 Bg7 4. Nc3 O-O 5. Bg5 h6 6. Bh4 d6 7. e3 Qe8 8. Be2
c6 9. h3 e5 10. dxe5 dxe5 11. Qd6 g5 12. Bg3 Nfd7 13. e4 Bf6 14. Nh2 Qe7 15.
Qxe7 Bxe7 16. Ng4 f6 17. Nxh6+ Kh7 18. Nf5 Bb4 19. h4 Bxc3+ 20. bxc3 g4 21. Ne7
Nb6 22. Nxc8 Rxc8 23. Bxg4 Rc7 24. O-O-O Na6 25. Bf5+ Kh8 26. h5 Nxc4 27. Bh4
Rf8 28. h6 Nc5 29. h7 Rcf7 30. Bg6 Rd7 31. Rxd7 Nxd7 32. Rd1 Ncb6 33. Rd3 Kg7
34. Bf5 Rd8 35. Rd6 1-0

[Event "Gibtelecom Masters"]
[Site "Gibraltar"]
[Date "2007.01.25"]
[Round "3.55"]
[White "Savory, Richard"]
[Black "Klinova, Masha"]
[Result "0-1"]
[WhiteElo "2119"]
[BlackElo "2350"]
[PlyCount "64"]
[EventDate "2007.??.??"]

1. e4 g6 2. d4 c6 3. Nc3 Bg7 4. Be3 d6 5. h3 Nd7 6. Nf3 b5 7. a3 a6 8. Be2 Bb7
9. O-O Qc7 10. Nd2 Ngf6 11. f4 c5 12. dxc5 Nxc5 13. Bf3 O-O 14. g4 Nfd7 15. Qe1
e6 16. f5 Rfe8 17. Qf2 Ne5 18. Bg2 Rac8 19. f6 Bh8 20. Rad1 Qc6 21. g5 a5 22.
Ne2 Ba6 23. Nd4 Qb7 24. Rb1 Na4 25. Rfd1 Red8 26. Bf4 Qc7 27. Bf1 Rb8 28. Qg3
Nc4 29. Bxc4 bxc4 30. Ne2 Nxb2 31. Rdc1 e5 32. Be3 c3 0-1

[Event "Gibtelecom Masters"]
[Site "Gibraltar"]
[Date "2007.01.25"]
[Round "3.56"]
[White "Thurlow, Kevin"]
[Black "Solomon, Kenny"]
[Result "0-1"]
[WhiteElo "2119"]
[BlackElo "2320"]
[PlyCount "64"]
[EventDate "2007.??.??"]

1. Nf3 Nf6 2. b3 d6 3. Bb2 e5 4. c4 g6 5. Nc3 Bg7 6. g3 O-O 7. Bg2 c6 8. d3 Re8
9. e4 d5 10. O-O d4 11. Ne2 c5 12. Ne1 Nc6 13. h3 Nh5 14. f4 exf4 15. gxf4 Bd7
16. Nf3 Qc8 17. Kh2 Qc7 18. Bc1 Bh6 19. Kh1 Nxf4 20. Nxf4 Bxf4 21. Bxf4 Qxf4
22. Nxd4 Qh6 23. Nxc6 Bxh3 24. Bxh3 Qxh3+ 25. Kg1 Qg3+ 26. Kh1 Qh4+ 27. Kg2
Qg5+ 28. Kh2 bxc6 29. Qf3 f5 30. Rae1 Re5 31. Qe3 Qh4+ 32. Kg2 fxe4 0-1

[Event "Gibtelecom Masters"]
[Site "Gibraltar"]
[Date "2007.01.25"]
[Round "3.57"]
[White "Citak, Selim"]
[Black "Dimitrijevic, Dragan"]
[Result "1-0"]
[WhiteElo "2310"]
[BlackElo "2037"]
[PlyCount "159"]
[EventDate "2007.??.??"]

1. d4 Nf6 2. c4 c5 3. d5 b5 4. cxb5 a6 5. bxa6 Bxa6 6. Nc3 g6 7. e4 Bxf1 8.
Kxf1 d6 9. Nf3 Nbd7 10. g3 Bg7 11. Kg2 O-O 12. Re1 Ng4 13. Qe2 Qa5 14. Nd2 Bxc3
15. Nc4 Qa6 16. bxc3 Nde5 17. Nxe5 Nxe5 18. Qxa6 Rxa6 19. Bf4 Nd3 20. Reb1 Rfa8
21. Rb7 Nxf4+ 22. gxf4 Kf8 23. Rb2 Ra3 24. Rc2 R8a4 25. f3 Rc4 26. Kf2 e6 27.
dxe6 fxe6 28. Rd1 Ke7 29. Rd3 Kd7 30. Rcd2 Ra6 31. Kg3 Rca4 32. Kg4 Ra3 33. c4
Rxd3 34. Rxd3 Rxa2 35. e5 Rg2+ 36. Kh3 Rc2 37. Rxd6+ Kc7 38. Rxe6 Rxc4 39. Kg4
Rd4 40. Re7+ Kb6 41. Rxh7 c4 42. Rh8 Kc7 43. Ra8 c3 44. Ra2 Rd2 45. Ra3 c2 46.
Rc3+ Kd7 47. f5 gxf5+ 48. Kxf5 Rxh2 49. f4 Re2 50. Kf6 Rh2 51. e6+ Kd6 52. e7
Rh6+ 53. Kg7 Re6 54. Rxc2 Rxe7+ 55. Kf6 Re6+ 56. Kf5 Re1 57. Kf6 Re6+ 58. Kg5
Ke7 59. f5 Ra6 60. Rc8 Kf7 61. Rb8 Rc6 62. Rb7+ Kf8 63. Rh7 Kg8 64. Rh4 Kg7 65.
Re4 Kf7 66. Ra4 Rb6 67. Ra7+ Kf8 68. Kf4 Rb4+ 69. Ke5 Rb5+ 70. Kf4 Rb4+ 71. Kg5
Rb6 72. Rd7 Ke8 73. Rg7 Kf8 74. Rg6 Rb1 75. Ra6 Kf7 76. Ra7+ Kf8 77. Kg6 Rb8
78. f6 Kg8 79. Rg7+ Kf8 80. Rh7 1-0

[Event "Gibtelecom Masters"]
[Site "Gibraltar"]
[Date "2007.01.25"]
[Round "3.58"]
[White "Obers, Frits"]
[Black "Ly, Moulthun"]
[Result "0-1"]
[WhiteElo "2071"]
[BlackElo "2307"]
[PlyCount "62"]
[EventDate "2007.??.??"]

1. d4 Nf6 2. c4 e6 3. Nc3 Bb4 4. Qc2 d5 5. cxd5 exd5 6. Bg5 c5 7. dxc5 h6 8.
Bh4 g5 9. Bg3 Ne4 10. e3 Qa5 11. Nge2 Nc6 12. O-O-O Bf5 13. Rxd5 Nxg3 14. Rxf5
Nxf5 15. Qxf5 Qxc5 16. Qxc5 Bxc5 17. Ne4 Be7 18. N2c3 O-O-O 19. Bc4 Ne5 20. Bd5
Kb8 21. f3 Bb4 22. Rd1 f5 23. Ng3 Rhf8 24. e4 Bxc3 25. bxc3 fxe4 26. Nxe4 b6
27. c4 g4 28. fxg4 Nxg4 29. h3 Ne3 30. Rd2 Rf1+ 31. Kb2 Rf4 0-1

[Event "Gibtelecom Masters"]
[Site "Gibraltar"]
[Date "2007.01.25"]
[Round "3.59"]
[White "Eggleston, David"]
[Black "McGrane, Stephen"]
[Result "1-0"]
[WhiteElo "2284"]
[BlackElo "2031"]
[PlyCount "71"]
[EventDate "2007.??.??"]

1. e4 c5 2. Nf3 d6 3. d4 cxd4 4. Nxd4 Nf6 5. Nc3 a6 6. g3 g6 7. Bg2 Bg7 8. O-O
O-O 9. Re1 Qc7 10. Nd5 Nxd5 11. exd5 Re8 12. h4 Nd7 13. h5 Nf6 14. hxg6 hxg6
15. c3 Bd7 16. Bg5 Qc8 17. Qd2 Bh3 18. Bf3 Bg4 19. Bh1 Kf8 20. Qf4 Nh5 21. Qe4
Nf6 22. Qf4 Nh5 23. Qe3 Nf6 24. Bh6 Ng8 25. Bxg7+ Kxg7 26. Qg5 Nf6 27. Re3 Nh7
28. Qf4 g5 29. Qe4 Nf6 30. Qd3 Qd7 31. Rae1 Rac8 32. Qd2 Nh7 33. f3 Bh5 34.
Rxe7 Rxe7 35. Rxe7 Qh3 36. Bg2 1-0

[Event "Gibtelecom Masters"]
[Site "Gibraltar"]
[Date "2007.01.25"]
[Round "3.60"]
[White "Simpson, James"]
[Black "Strand, Haakon"]
[Result "1-0"]
[WhiteElo "2267"]
[BlackElo "2015"]
[PlyCount "73"]
[EventDate "2007.??.??"]

1. d4 Nf6 2. Nf3 e6 3. c4 c5 4. e3 cxd4 5. exd4 d5 6. Nc3 Be7 7. Bd3 dxc4 8.
Bxc4 Nbd7 9. O-O O-O 10. Qe2 Nb6 11. Bb3 Nbd5 12. Ne5 Bd7 13. Nxd5 Nxd5 14.
Bxd5 exd5 15. Bf4 Bf6 16. Rac1 Bc6 17. Rc3 Re8 18. Qh5 Bxe5 19. dxe5 Re6 20.
Rh3 h6 21. Rg3 Kf8 22. Be3 Qe8 23. Bd4 Rg6 24. Re3 Qe6 25. f4 Qg4 26. Qxg4 Rxg4
27. h3 Rg6 28. f5 Rg5 29. Kh2 g6 30. fxg6 Rxg6 31. e6 f5 32. Rxf5+ Kg8 33. e7
Re8 34. g4 a6 35. Kg3 Kh7 36. Rf7+ Kg8 37. Ref3 1-0

[Event "Gibtelecom Masters"]
[Site "Gibraltar"]
[Date "2007.01.25"]
[Round "3.61"]
[White "Hickman, John"]
[Black "Mohota, Nisha"]
[Result "0-1"]
[WhiteElo "2052"]
[BlackElo "2270"]
[PlyCount "92"]
[EventDate "2007.??.??"]

1. e4 e5 2. Nf3 Nc6 3. Bb5 a6 4. Ba4 Nf6 5. O-O Be7 6. Re1 b5 7. Bb3 d6 8. c3
O-O 9. h3 Na5 10. Bc2 c5 11. d4 Qc7 12. d5 Bd7 13. b3 Nb7 14. Nbd2 g6 15. Nf1
Nh5 16. Bh6 Rfb8 17. Qd2 c4 18. b4 a5 19. a3 Nd8 20. N3h2 Ra6 21. g4 Ng7 22.
Ne3 Rba8 23. Rad1 axb4 24. axb4 Ra3 25. Rf1 f6 26. Ng2 g5 27. Bxg7 Kxg7 28. Ne3
Nf7 29. Nf3 Qa7 30. Kg2 h5 31. Qe1 hxg4 32. hxg4 Nh6 33. Kg3 Ra2 34. Bb1 Rb2
35. Rh1 Rh8 36. Rd2 Rxd2 37. Qxd2 Bd8 38. Nh2 Nxg4 39. Nexg4 Bxg4 40. Kxg4 Qd7+
41. Kf3 Qh3+ 42. Ke2 Qg2 43. Qe3 Qxh1 44. Qa7+ Kg6 45. Qd7 Qxh2 46. Qf5+ Kh6
0-1

[Event "Gibtelecom Masters"]
[Site "Gibraltar"]
[Date "2007.01.25"]
[Round "3.62"]
[White "Revesz, Zoltan"]
[Black "Campbell, Ian"]
[Result "1-0"]
[WhiteElo "2245"]
[BlackElo "2008"]
[PlyCount "57"]
[EventDate "2007.??.??"]

1. e4 Nf6 2. e5 Nd5 3. d4 d6 4. c4 Nb6 5. exd6 exd6 6. Nc3 Be7 7. h3 O-O 8. Nf3
c5 9. Be2 N8d7 10. O-O Re8 11. Bf4 a6 12. Qc2 Nf8 13. Rad1 Ne6 14. Bg3 Bd7 15.
Ne4 cxd4 16. Nxd4 d5 17. cxd5 Nxd5 18. Nf5 Bc6 19. Bc4 Qa5 20. Ned6 Bxd6 21.
Nxd6 Rf8 22. Bxd5 Bxd5 23. Qf5 Nc7 24. Nxb7 Qxa2 25. Ra1 Qxb2 26. Rab1 Qe2 27.
Bxc7 Be4 28. Qe5 Rfe8 29. Rb2 1-0